| 000 | 00744nam a22002177a 4500 | ||
|---|---|---|---|
| 005 | 20130612124510.0 | ||
| 010 | _aENG-104589 | ||
| 020 |
_a9789380929002 _c850.00 |
||
| 035 | _aEN-88122 | ||
| 035 | _aB-519631 | ||
| 037 | _bDBAD/PUB | ||
| 037 | _bMallika Books/Ven | ||
| 082 | _a004.03 | ||
| 100 | _aSharma, Nand Bhai | ||
| 245 |
_aDictionary for BCA and MCA / _cby Nand Bhai Sharma |
||
| 260 |
_aJaipur _bDND Publications _c2011 |
||
| 270 |
_a2, Shivgyan Avenue, (B-7), Near Yojna Bhawan, Yudishter Marg, C-Scheme _bJaipur _e302001 |
||
| 300 |
_aviii,400p. _c22cm(Hb) |
||
| 942 |
_2ddc _cEN _mSHA _h004.03 |
||
| 999 |
_c60320 _d60320 |
||